000
00236 a2200097 4500
001
13105
100
_a
Madaan,A.
245
_a
Illustrated world of Internet and E-Commerce
260
_a
_b
Dreamland Publications
_c
090
_c
10107
_d
10107
942
_a
NUST-CAE
_c
M
_c
123
999
_c
248178
_d
248178